[Event "VI Weekend Firenzescacchi A"]
[Site "Firenze ITA"]
[Date "2012.11.03"]
[Round "4"]
[White "La Cognata, Lorenzo"]
[Black "Petri, Petrag"]
[WhiteElo "1674"]
[BlackElo "1588"]
[Result "0-1"]
[PlyCount "186"]
[EventDate "2012.11.01"]

1. e4 d5 2. exd5 Qxd5 3. Nc3 Qa5 4. d4 Nf6 5. Nf3 Bg4 6. h3 Bh5 7. g4 Bg6 8.
Ne5 Nbd7 9. Nxg6 hxg6 10. Bg2 c6 11. Qd3 e6 12. Bd2 Bd6 13. a3 Qc7 14. O-O-O
O-O-O 15. Ne2 Kb8 16. b4 Nd5 17. Qf3 N7b6 18. Qd3 g5 19. Bxg5 f6 20. Bxd5 Nxd5
21. Bd2 g5 22. c4 Nf4 23. Nxf4 Bxf4 24. Bxf4 gxf4 25. Qe4 Rde8 26. f3 e5 27. h4
exd4 28. Qxd4 Qe5 29. Qxe5+ Rxe5 30. Kc2 Re3 31. Rd3 Re2+ 32. Kc3 Kc7 33. h5
Ra2 34. Kb3 Re2 35. h6 Re7 36. Kc3 b6 37. Kd2 a6 38. a4 Re5 39. h7 Re7 40. Rd4
Rexh7 41. Rxh7+ Rxh7 42. Rxf4 Rh6 43. Kd3 Kd6 44. b5 a5 45. Rd4+ Kc5 46. bxc6
Kxc6 47. Ke4 Kc5 48. Rd5+ Kxc4 49. Rb5 Kc3 50. Rxb6 f5+ 51. Kxf5 Rxb6 52. g5
Kb4 53. g6 Kxa4 54. g7 Rb8 55. Kg6 Kb3 56. f4 a4 57. f5 a3 58. f6 a2 59. f7
a1=Q 60. f8=Q Qg1+ 61. Kh7 Qh2+ 62. Kg8 Qg3 63. Qxb8+ Qxb8+ 64. Kf7 Qc7+ 65.
Kf8 Qd8+ 66. Kf7 Qd5+ 67. Kf8 Qf5+ 68. Ke7 Qg6 69. Kf8 Qh6 70. Kf7 Qh7 71. Kf8
Qf5+ 72. Ke7 Qg5+ 73. Kf7 Qd5+ 74. Kf8 Qd6+ 75. Kf7 Qd7+ 76. Kf8 Qf5+ 77. Ke7
Qg6 78. Kf8 Qf6+ 79. Kg8 Kc4 80. Kh7 Qh4+ 81. Kg6 Qg4+ 82. Kf7 Qf5+ 83. Ke8
Qg6+ 84. Kf8 Qf6+ 85. Kg8 Kd5 86. Kh7 Qh4+ 87. Kg6 Qg4+ 88. Kf7 Qe6+ 89. Kf8
Qf6+ 90. Kg8 Ke6 91. Kh7 Qh4+ 92. Kg6 Qg4+ 93. Kh7 Kf7 0-1

[Event "VI Weekend Firenzescacchi A"]
[Site "Firenze ITA"]
[Date "2012.11.03"]
[Round "4"]
[White "Landi, Alberto"]
[Black "Ghods, Maziar"]
[WhiteElo "1578"]
[BlackElo "1896"]
[Result "0-1"]
[PlyCount "58"]
[EventDate "2012.11.01"]

1. e4 e6 2. d4 d5 3. exd5 exd5 4. Bd3 Nc6 5. c3 Bd6 6. Nf3 Bg4 7. O-O Nge7 8.
Re1 Qd7 9. Be3 O-O-O 10. Nbd2 f5 11. Bg5 h6 12. Bxe7 Nxe7 13. a4 g5 14. b4 Ng6
15. Qb3 Bf4 16. Bb5 c6 17. Bf1 Bxf3 18. Nxf3 g4 19. Ne5 Bxe5 20. dxe5 Rhe8 21.
b5 c5 22. b6 a6 23. Bb5 axb5 24. e6 Rxe6 25. axb5 Rxe1+ 26. Rxe1 Re8 27. Ra1
Qe6 28. h3 Nf4 29. Qa3 Qxb6 0-1

[Event "VI Weekend Firenzescacchi A"]
[Site "Firenze ITA"]
[Date "2012.11.03"]
[Round "4"]
[White "Mordini, Stefano"]
[Black "Lantschner, Alexander"]
[WhiteElo "1752"]
[BlackElo "1650"]
[Result "1-0"]
[PlyCount "59"]
[EventDate "2012.11.01"]

1. Nf3 Nc6 2. d4 d5 3. e3 Bg4 4. Nbd2 e6 5. Be2 Nf6 6. O-O Bd6 7. b3 O-O 8. Bb2
a6 9. Ne5 Bxe2 10. Qxe2 Bxe5 11. dxe5 Nd7 12. f4 f6 13. Qg4 Qe7 14. exf6 Nxf6
15. Qh3 Rf7 16. Nf3 Ne4 17. Ne5 Nxe5 18. Bxe5 c6 19. g4 g6 20. g5 Re8 21. Qg2
Qc5 22. Rf3 Ree7 23. h4 Rf5 24. Bd4 Qd6 25. Raf1 Ref7 26. h5 Qd8 27. hxg6 hxg6
28. Rh3 Rh7 29. Rxh7 Nxg5 30. Rh8+ 1-0

[Event "VI Weekend Firenzescacchi A"]
[Site "Firenze ITA"]
[Date "2012.11.03"]
[Round "4"]
[White "Novelli, Cristiano"]
[Black "Madiai, Federico"]
[WhiteElo "2022"]
[BlackElo "2208"]
[Result "1-0"]
[PlyCount "52"]
[EventDate "2012.11.01"]

1. e4 e5 2. Nf3 Nc6 3. Bc4 Nf6 4. Nc3 Be7 5. d3 d6 6. h3 Na5 7. Be3 O-O 8. g4
c6 9. g5 Ne8 10. Qe2 b5 11. Bb3 Nc7 12. O-O-O d5 13. exd5 cxd5 14. d4 e4 15.
Ne5 Bxg5 16. Rdg1 Bxe3+ 17. Qxe3 f6 18. Rxg7+ Kxg7 19. Rg1+ Kh8 20. Qh6 Nxb3+
21. axb3 Ne6 22. Ng6+ Kg8 23. Nxf8+ Kf7 24. Qxh7+ Ke8 25. Nxe6 Bxe6 26. Rg7 Qd6
1-0

[Event "VI Weekend Firenzescacchi A"]
[Site "Firenze ITA"]
[Date "2012.11.03"]
[Round "4"]
[White "Pavan, Federico"]
[Black "Malescusi, Dea Nataraj"]
[WhiteElo "1696"]
[BlackElo "1669"]
[Result "1/2-1/2"]
[PlyCount "39"]
[EventDate "2012.11.01"]

1. c4 e5 2. Nc3 Nf6 3. g3 d5 4. cxd5 Nxd5 5. Bg2 Nxc3 6. bxc3 c6 7. d3 Be6 8.
Nf3 f6 9. O-O Be7 10. Bb2 Nd7 11. e4 O-O 12. d4 Qc7 13. a4 f5 14. exf5 Rxf5 15.
dxe5 Nxe5 16. Nxe5 Rxe5 17. Re1 Rxe1+ 18. Qxe1 Bb3 19. c4 Bf8 20. Qc3 1/2-1/2

[Event "VI Weekend Firenzescacchi A"]
[Site "Firenze ITA"]
[Date "2012.11.03"]
[Round "4"]
[White "Resch, Aaron"]
[Black "Innocenti, Luca"]
[WhiteElo "1692"]
[BlackElo "1992"]
[Result "1/2-1/2"]
[PlyCount "46"]
[EventDate "2012.11.01"]

1. e4 c6 2. d4 d5 3. e5 Bf5 4. Bd3 Bxd3 5. Qxd3 Qb6 6. Nd2 Qa6 7. Nb3 Qxd3 8.
cxd3 e6 9. Bd2 Nd7 10. Rc1 h5 11. Nf3 Nh6 12. O-O Be7 13. Rc2 Nf5 14. Na5 g5
15. Be3 g4 16. Nd2 Rb8 17. Re1 Bb4 18. Nab3 f6 19. Bf4 Bxd2 20. Rxd2 fxe5 21.
Bxe5 Nxe5 22. Rxe5 Kf7 23. Rde2 Rh6 1/2-1/2

[Event "VI Weekend Firenzescacchi A"]
[Site "Firenze ITA"]
[Date "2012.11.03"]
[Round "4"]
[White "Scali, Fausto"]
[Black "Calcagnile, Lucio"]
[WhiteElo "1882"]
[BlackElo "2025"]
[Result "0-1"]
[PlyCount "70"]
[EventDate "2012.11.01"]

1. d4 Nf6 2. c4 e6 3. Nc3 Bb4 4. Nf3 c5 5. g3 b6 6. Bg2 Bb7 7. O-O Bxc3 8. bxc3
Na6 9. Bf4 cxd4 10. cxd4 d6 11. Qa4+ Qd7 12. Qa3 Rd8 13. c5 bxc5 14. dxc5 Nxc5
15. Be3 O-O 16. Rfd1 Qc7 17. Rac1 Rc8 18. Rxd6 Qxd6 19. Bxc5 Qc7 20. Be3 Qb8
21. Rb1 Qa8 22. Qxa7 Bd5 23. a3 Qxa7 24. Bxa7 Rc7 25. Bb8 Rb7 26. Rxb7 Bxb7 27.
Be5 Ng4 28. Bf4 Rd8 29. Bh3 Rd1+ 30. Kg2 Nf6 31. Be3 h6 32. g4 Nd5 33. Bc5 Nf4+
34. Kg3 Nxe2+ 35. Kg2 Rg1# 0-1

[Event "VI Weekend Firenzescacchi A"]
[Site "Firenze ITA"]
[Date "2012.11.03"]
[Round "4"]
[White "Seletsky, Grigory"]
[Black "Omeri, Silvan"]
[WhiteElo "2297"]
[BlackElo "2194"]
[Result "0-1"]
[PlyCount "65"]
[EventDate "2012.11.01"]

1. e4 c5 2. Nc3 d6 3. f4 Nc6 4. Nf3 g6 5. Bc4 Bg7 6. d3 e6 7. a3 Nge7 8. Bd2 a6
9. O-O b5 10. Ba2 Rb8 11. Qe1 Bd7 12. Kh1 h6 13. Be3 Qc7 14. Qf2 Rc8 15. e5
dxe5 16. fxe5 Nf5 17. Bxc5 Nxe5 18. d4 Ng4 19. Qd2 Bc6 20. Rae1 Rd8 21. b4 Bxd4
22. Bxd4 Rxd4 23. Qe2 O-O 24. Ne5 Nxe5 25. Qxe5 Bxg2+ 26. Kxg2 Qxc3 27. Bb3
Qc6+ 28. Kf2 g5 29. Re2 Rfd8 30. c3 Qxc3 31. Bxe6 Rf4+ 32. Kg2 Qxe5 33. Rxe5
0-1

[Event "VI Weekend Firenzescacchi A"]
[Site "Firenze ITA"]
[Date "2012.11.03"]
[Round "4"]
[White "Stirpe, Claudio"]
[Black "Efimov, Igor"]
[WhiteElo "1995"]
[BlackElo "2406"]
[Result "0-1"]
[PlyCount "92"]
[EventDate "2012.11.01"]

1. d4 d6 2. c4 e5 3. dxe5 dxe5 4. Qxd8+ Kxd8 5. Nc3 Be6 6. b3 c6 7. Bb2 Nd7 8.
g3 f6 9. Bh3 Bxh3 10. Nxh3 Kc7 11. O-O-O Nh6 12. a3 a5 13. Kc2 Be7 14. Ne4 Nf7
15. Bc1 g5 16. Rhf1 h5 17. Ng1 f5 18. Nc3 Nc5 19. Nf3 Ne6 20. e3 h4 21. Bb2 e4
22. Nd4 Nxd4+ 23. exd4 g4 24. d5 Rh6 25. dxc6 bxc6 26. Ne2 Bf6 27. Nd4 Bxd4 28.
Bxd4 h3 29. Be3 Re6 30. Bf4+ Ne5 31. Rd2 Kb6 32. Bxe5 Rxe5 33. Re1 Rf8 34. Rde2
Rd8 35. Rd2 Rd3 36. Re3 Rxd2+ 37. Kxd2 Kc5 38. Kc3 Re7 39. b4+ axb4+ 40. axb4+
Kd6 41. Re2 Ra7 42. Rd2+ Kc7 43. Kb2 Ra4 44. b5 Rb4+ 45. Ka1 Rxc4 46. bxc6 Rc1+
0-1

[Event "VI Weekend Firenzescacchi A"]
[Site "Firenze ITA"]
[Date "2012.11.03"]
[Round "5"]
[White "Bagaglia, Riccardo"]
[Black "Landi, Alberto"]
[WhiteElo "1773"]
[BlackElo "1578"]
[Result "1/2-1/2"]
[PlyCount "61"]
[EventDate "2012.11.01"]

1. e4 Nf6 2. e5 Nd5 3. c4 Nb6 4. c5 Nd5 5. Nc3 Nxc3 6. dxc3 d6 7. Bg5 f6 8.
exf6 exf6 9. Be3 Be6 10. cxd6 Bxd6 11. Qh5+ Bf7 12. Qb5+ Nd7 13. Nf3 O-O 14.
Be2 Re8 15. O-O Nb6 16. Rfd1 c6 17. Qd3 Bc4 18. Qc2 Bxe2 19. Qxe2 Qc7 20. Qc2
Nd5 21. Qb3 Kh8 22. Bd2 Bc5 23. Qc4 Qb6 24. Rf1 Re7 25. b4 Bd6 26. Nd4 Qc7 27.
h3 Re5 28. Rfe1 Rae8 29. Kf1 Rxe1+ 30. Rxe1 Rxe1+ 31. Kxe1 1/2-1/2

[Event "VI Weekend Firenzescacchi A"]
[Site "Firenze ITA"]
[Date "2012.11.03"]
[Round "5"]
[White "Bini, Lorenzo"]
[Black "Donzellotti, Giuseppe"]
[WhiteElo "1941"]
[BlackElo "1511"]
[Result "1-0"]
[PlyCount "97"]
[EventDate "2012.11.01"]

1. f4 d5 2. e3 Nf6 3. b3 c5 4. Bb2 Nc6 5. Nf3 Bg4 6. Be2 g6 7. O-O Bg7 8. d3
O-O 9. Nbd2 Nd7 10. c3 Re8 11. h3 Bxf3 12. Bxf3 Nb6 13. d4 cxd4 14. exd4 f6 15.
a4 a5 16. Be2 f5 17. Nf3 Qd6 18. Qd2 Nd7 19. Ba3 Qc7 20. Ne5 Nf6 21. Bb5 Ne4
22. Qd3 Nd6 23. Rac1 Nxb5 24. axb5 Nxe5 25. fxe5 Qb6 26. Bc5 Qc7 27. b6 Qc6 28.
Qe2 e6 29. c4 Bf8 30. Bxf8 Kxf8 31. c5 a4 32. b4 Rec8 33. b5 Qd7 34. g4 Ra5 35.
gxf5 gxf5 36. Rb1 a3 37. Rb3 a2 38. Ra1 Rca8 39. Rg3 Rxb5 40. Qg2 Rb1+ 41. Kh2
Qf7 42. Rxa2 Rxa2 43. Qxa2 Rb4 44. Qa8+ Ke7 45. Qxb7+ Kf8 46. Qc8+ Ke7 47. Qc7+
Kf8 48. Qd8+ Qe8 49. Rg8+ 1-0

[Event "VI Weekend Firenzescacchi A"]
[Site "Firenze ITA"]
[Date "2012.11.03"]
[Round "5"]
[White "Bonacchi, Roberto"]
[Black "Engl, Stefan"]
[WhiteElo "1566"]
[BlackElo "1857"]
[Result "1/2-1/2"]
[PlyCount "72"]
[EventDate "2012.11.01"]

1. e4 d5 2. exd5 Qxd5 3. Nc3 Qd6 4. g3 Nf6 5. Bg2 c6 6. h3 Bf5 7. d3 Nbd7 8.
Nf3 e6 9. O-O Qc7 10. Bf4 Bd6 11. Bxd6 Qxd6 12. Re1 h6 13. Qd2 O-O 14. Ne4 Qc7
15. Nxf6+ Nxf6 16. Ne5 Rad8 17. Rad1 Rfe8 18. Kh2 Rd4 19. c3 Rd6 20. d4 c5 21.
Qf4 Nd5 22. Bxd5 Rxd5 23. dxc5 Qxc5 24. g4 g5 25. Rxd5 Qxd5 26. Qa4 Rd8 27.
gxf5 Qd2 28. Rf1 Qe2 29. Qa5 b6 30. Qxa7 Qxe5+ 31. Kg2 Qxf5 32. Qxb6 Rd3 33. f3
Qf4 34. Rf2 h5 35. Qb4 Qe5 36. Qe4 Qxe4 1/2-1/2

[Event "VI Weekend Firenzescacchi A"]
[Site "Firenze ITA"]
[Date "2012.11.03"]
[Round "5"]
[White "Calcagnile, Lucio"]
[Black "Stirpe, Claudio"]
[WhiteElo "2025"]
[BlackElo "1995"]
[Result "1/2-1/2"]
[PlyCount "71"]
[EventDate "2012.11.01"]

1. Nf3 Nf6 2. c4 c5 3. g3 d5 4. cxd5 Nxd5 5. Bg2 Nc6 6. Nc3 Nc7 7. O-O e5 8. d3
Be7 9. b3 O-O 10. Bb2 f6 11. Rc1 Be6 12. Nd2 Qd7 13. Na4 b6 14. a3 Bd5 15.
Bxd5+ Nxd5 16. Nc3 Nd4 17. Nxd5 Qxd5 18. Bxd4 exd4 19. Qc2 Kh8 20. Qc4 Qe5 21.
Nf3 Qf5 22. Qa6 Qd7 23. a4 Rac8 24. Rc4 Rc6 25. Rfc1 Re6 26. Kf1 Re8 27. R4c2
Bd6 28. Ra1 g6 29. Raa2 f5 30. Qb5 Qe7 31. a5 Bc7 32. axb6 Bxb6 33. Qc4 Qb7 34.
Kg1 Qe7 35. Kf1 Qb7 36. Kg1 1/2-1/2

[Event "VI Weekend Firenzescacchi A"]
[Site "Firenze ITA"]
[Date "2012.11.03"]
[Round "5"]
[White "Cignolini, Eugenio"]
[Black "La Cognata, Lorenzo"]
[WhiteElo "1661"]
[BlackElo "1674"]
[Result "0-1"]
[PlyCount "126"]
[EventDate "2012.11.01"]

1. c4 e5 2. Nc3 Nf6 3. Nf3 Nc6 4. g3 Nd4 5. Bg2 Nxf3+ 6. Bxf3 Bc5 7. d3 O-O 8.
O-O c6 9. e4 d6 10. Rb1 a5 11. a3 Be6 12. b4 axb4 13. axb4 Bd4 14. Bb2 Qd7 15.
b5 Ra5 16. bxc6 bxc6 17. Ne2 Bxb2 18. Rxb2 d5 19. Qd2 Rfa8 20. cxd5 cxd5 21.
exd5 Bxd5 22. Bxd5 Rxd5 23. Qe3 Qd6 24. Rd1 Ra3 25. Qc1 Raxd3 26. Qc8+ Qf8 27.
Qxf8+ Kxf8 28. Rxd3 Rxd3 29. Kg2 Ne4 30. Rb4 Nd6 31. h4 Ke7 32. Rb1 h6 33. Re1
Kf6 34. Ng1 Kf5 35. g4+ Kxg4 36. Rxe5 f6 37. Re7 g5 38. hxg5 hxg5 39. Ne2 Nf5
40. Rh7 Nh4+ 41. Kg1 Rd1+ 42. Kh2 Nf3+ 43. Kg2 Nh4+ 44. Kh2 Rf1 45. Rxh4+ Kxh4
46. Kg2 Ra1 47. Nd4 Kg4 48. Ne2 Ra2 49. Nc3 Rc2 50. Nd5 Rc6 51. Ne3+ Kh5 52.
Kg3 Rc3 53. Kf3 g4+ 54. Kg3 Rxe3+ 55. fxe3 f5 56. Kf2 Kh4 57. Kg2 g3 58. Kg1
Kh5 59. Kh1 Kh4 60. Kg2 Kg4 61. Kf1 Kf3 62. Kg1 Kxe3 63. Kg2 f4 0-1

[Event "VI Weekend Firenzescacchi A"]
[Site "Firenze ITA"]
[Date "2012.11.03"]
[Round "5"]
[White "Efimov, Igor"]
[Black "Seletsky, Grigory"]
[WhiteElo "2406"]
[BlackElo "2297"]
[Result "1-0"]
[PlyCount "107"]
[EventDate "2012.11.01"]

1. c4 Nf6 2. Nc3 c5 3. Nf3 Nc6 4. e3 g6 5. d4 cxd4 6. exd4 d5 7. Bg5 Ne4 8.
cxd5 Nxc3 9. bxc3 Qxd5 10. Be2 Bg7 11. O-O O-O 12. Qb3 Qd6 13. Rad1 e6 14. Nd2
Qd5 15. Be3 b6 16. Bf3 Qd7 17. d5 exd5 18. Qxd5 Qxd5 19. Bxd5 Bb7 20. Ne4 Rad8
21. c4 h6 22. Bc1 Rd7 23. Bxh6 Na5 24. Bg5 Bxd5 25. Rxd5 Rc7 26. Nf6+ Bxf6 27.
Bxf6 Rc6 28. Ba1 Nxc4 29. Rd7 a5 30. Re1 Nd6 31. g4 Re8 32. Rd1 Re6 33. Kg2 f6
34. h4 Nf7 35. Rb7 Rcd6 36. Rb8+ Kh7 37. Rxd6 Rxd6 38. g5 fxg5 39. hxg5 Rd5 40.
Bf6 b5 41. f4 b4 42. Kf3 Rc5 43. Ke4 Nd6+ 44. Kd4 Rc8 45. Rxc8 Nxc8 46. Kc5 Kg8
47. Kb5 Kf7 48. Kxa5 Ke6 49. Kxb4 Nb6 50. Kb5 Nd5 51. Be5 Kd7 52. a4 Kc8 53.
Kc6 Nc7 54. f5 1-0

[Event "VI Weekend Firenzescacchi A"]
[Site "Firenze ITA"]
[Date "2012.11.03"]
[Round "5"]
[White "Engl, Alexander"]
[Black "Fiaschi, Maurizio"]
[WhiteElo "1737"]
[BlackElo "1673"]
[Result "1-0"]
[PlyCount "123"]
[EventDate "2012.11.01"]

1. f4 d5 2. Nf3 h6 3. g3 g5 4. d3 Nc6 5. fxg5 Bg4 6. g6 fxg6 7. Bg2 Bxf3 8.
Bxf3 e5 9. e4 dxe4 10. Bxe4 Qd6 11. Nd2 Bg7 12. Nc4 Qe6 13. Be3 Nge7 14. Qd2
Nf5 15. O-O-O Nxe3 16. Qxe3 h5 17. Kb1 Bh6 18. Bxc6+ bxc6 19. Qxe5 Qxe5 20.
Nxe5 O-O 21. Nxg6 Rfb8 22. Ne7+ Kh7 23. Nxc6 Rb6 24. Ne5 Bg7 25. Nc4 Rb5 26. b3
Rab8 27. Rhf1 a5 28. a4 Rb4 29. Ka2 c5 30. Rf7 Re8 31. Rdf1 Re2 32. R7f2 Re7
33. Nd6 Rd7 34. Nb5 h4 35. Rf7 Rxf7 36. Rxf7 hxg3 37. hxg3 Rg4 38. Rf3 Be5 39.
c3 Bxg3 40. d4 cxd4 41. Nxd4 Be5 42. Nc6 Rg2+ 43. Kb1 Rg1+ 44. Kc2 Rg2+ 45. Kd3
Bg7 46. Nxa5 Rg5 47. Nc4 Rg1 48. Rf2 Rc1 49. Rc2 Rb1 50. b4 Rd1+ 51. Ke2 Rh1
52. Ne3 Rh2+ 53. Kd3 Rh3 54. a5 Rh6 55. b5 Rd6+ 56. Kc4 Re6 57. Nd5 Re4+ 58.
Kb3 Re1 59. b6 Be5 60. a6 Ra1 61. a7 Bd6 62. Ra2 1-0

[Event "VI Weekend Firenzescacchi A"]
[Site "Firenze ITA"]
[Date "2012.11.03"]
[Round "5"]
[White "Francalanci, Giulio"]
[Black "Burgassi, Daniele"]
[WhiteElo "1798"]
[BlackElo "1802"]
[Result "0-1"]
[PlyCount "72"]
[EventDate "2012.11.01"]

1. e4 c5 2. Nf3 Nc6 3. d4 cxd4 4. Nxd4 Nf6 5. Nc3 e5 6. Ndb5 d6 7. Bg5 a6 8.
Na3 b5 9. Nd5 Be7 10. Bxf6 Bxf6 11. c3 O-O 12. Nc2 Bg5 13. a4 bxa4 14. Rxa4 a5
15. Bc4 Rb8 16. b3 Kh8 17. O-O f5 18. exf5 Bxf5 19. Nce3 Bxe3 20. Nxe3 Bg6 21.
Nd5 e4 22. f4 exf3 23. Rxf3 Rxf3 24. Qxf3 Ne5 25. Qe2 Bf7 26. h3 Rc8 27. Qe3
Rb8 28. Qa7 Nxc4 29. Qxf7 Ne5 30. Qe7 Qxe7 31. Nxe7 Rxb3 32. Rxa5 g6 33. Ra7
Rxc3 34. Nd5 Rc4 35. Nf6 Rh4 36. Kf2 Rf4+ 0-1

[Event "VI Weekend Firenzescacchi A"]
[Site "Firenze ITA"]
[Date "2012.11.03"]
[Round "5"]
[White "Garofalo, Simone"]
[Black "Bini, Alessandro"]
[WhiteElo "2009"]
[BlackElo "1859"]
[Result "1-0"]
[PlyCount "91"]
[EventDate "2012.11.01"]

1. e4 g6 2. d4 Bg7 3. Nc3 d6 4. Be3 c6 5. Qd2 b5 6. Bd3 a6 7. h3 Nd7 8. Nf3 Nb6
9. b3 Qc7 10. O-O Nd7 11. a4 Bb7 12. axb5 cxb5 13. Ne2 Ngf6 14. Ng3 O-O 15.
Rfc1 a5 16. Bh6 b4 17. Bxg7 Kxg7 18. c4 h6 19. Re1 e5 20. Nh4 Ng8 21. Bc2 Rfe8
22. Rad1 Nf8 23. f4 Ne6 24. fxe5 dxe5 25. d5 Nd4 26. Ne2 Qd8 27. Nxd4 Qxh4 28.
Nf3 Qg3 29. Qf2 Qxf2+ 30. Kxf2 Rac8 31. Ra1 Rc5 32. Ra2 f6 33. Rea1 Ra8 34. Ne1
Bc8 35. Nd3 Rc7 36. Rxa5 Rxa5 37. Rxa5 Rb7 38. Ke3 f5 39. Nxe5 Kf6 40. Kd4 Ne7
41. d6 Ng8 42. Ra8 Be6 43. exf5 gxf5 44. d7 Bxd7 45. Rxg8 Be6 46. Rg6+ 1-0

[Event "VI Weekend Firenzescacchi A"]
[Site "Firenze ITA"]
[Date "2012.11.03"]
[Round "5"]
[White "Ghods, Maziar"]
[Black "Innocenti, Luca"]
[WhiteElo "1896"]
[BlackElo "1992"]
[Result "1/2-1/2"]
[PlyCount "25"]
[EventDate "2012.11.01"]

1. d4 b6 2. e4 Bb7 3. Bd3 e6 4. Nf3 g6 5. O-O Bg7 6. Re1 Ne7 7. c3 O-O 8. Bf4
h6 9. h3 d6 10. Nbd2 Nd7 11. a4 a6 12. Qe2 e5 13. dxe5 1/2-1/2

[Event "VI Weekend Firenzescacchi A"]
[Site "Firenze ITA"]
[Date "2012.11.03"]
[Round "5"]
[White "Gori, Marco"]
[Black "Resch, Aaron"]
[WhiteElo "1823"]
[BlackElo "1692"]
[Result "1-0"]
[PlyCount "55"]
[EventDate "2012.11.01"]

1. Nf3 b6 2. d4 Bb7 3. e3 g6 4. Bc4 e6 5. O-O Bg7 6. Qe2 Ne7 7. a4 a6 8. Re1
O-O 9. c3 d6 10. e4 Nd7 11. Bg5 h6 12. Bc1 Nf6 13. Bd3 d5 14. e5 Nd7 15. Nbd2
c5 16. Nf1 Nc6 17. Ne3 cxd4 18. cxd4 Nb4 19. Bb1 Rc8 20. Ng4 h5 21. Ne3 Nb8 22.
g4 hxg4 23. Nxg4 N8c6 24. Qf1 Ne7 25. Qh3 Nc2 26. Ng5 Re8 27. Nf6+ Bxf6 28.
Qh7+ 1-0

[Event "VI Weekend Firenzescacchi A"]
[Site "Firenze ITA"]
[Date "2012.11.03"]
[Round "5"]
[White "Lantschner, Carmen"]
[Black "Pavan, Federico"]
[WhiteElo "1662"]
[BlackElo "1696"]
[Result "1/2-1/2"]
[PlyCount "44"]
[EventDate "2012.11.01"]

1. e4 c6 2. d4 d5 3. exd5 cxd5 4. Nc3 Nf6 5. Bf4 a6 6. Nf3 Bg4 7. Be2 e6 8. Ne5
Bxe2 9. Nxe2 Be7 10. O-O O-O 11. b3 Nbd7 12. c4 dxc4 13. bxc4 Nxe5 14. Bxe5 Bd6
15. Bxd6 Qxd6 16. Qd3 Rfd8 17. Rad1 Rac8 18. Rd2 Ng4 19. Ng3 Ne5 20. c5 Nxd3
21. cxd6 Nf4 22. Rb1 b5 1/2-1/2

[Event "VI Weekend Firenzescacchi A"]
[Site "Firenze ITA"]
[Date "2012.11.03"]
[Round "5"]
[White "Malescusi, Dea Nataraj"]
[Black "Lantschner, Alexander"]
[WhiteElo "1669"]
[BlackElo "1650"]
[Result "1/2-1/2"]
[PlyCount "113"]
[EventDate "2012.11.01"]

1. d4 d5 2. c4 dxc4 3. e4 c6 4. Bxc4 e6 5. Nc3 Bb4 6. Nge2 Ne7 7. O-O Bxc3 8.
Nxc3 O-O 9. Be3 Nd7 10. f4 Nb6 11. Bb3 Qc7 12. Qh5 g6 13. Qh4 f5 14. e5 Ned5
15. Nxd5 Nxd5 16. Bxd5 cxd5 17. Rac1 Qd7 18. Rc3 Qd8 19. Qh6 Bd7 20. Rfc1 Bc6
21. h4 Rf7 22. h5 Qh4 23. Bf2 Qxh5 24. Qxh5 gxh5 25. Rh3 Rg7 26. Rxh5 Kf7 27.
Rh6 Ke7 28. Bh4+ Kd7 29. Bf6 Rf7 30. Rc3 Rg8 31. Rch3 Kc7 32. Rxh7 Rxh7 33.
Rxh7+ Bd7 34. Kf2 b5 35. Kf3 a5 36. Rg7 Rb8 37. g4 fxg4+ 38. Kxg4 Kc6 39. Kg5
b4 40. Re7 Rg8+ 41. Rg7 Re8 42. b3 Ra8 43. Rg6 Rf8 44. f5 Kc7 45. fxe6 Bxe6 46.
Rg7+ Kc6 47. Ra7 Rg8+ 48. Rg7 Rxg7+ 49. Bxg7 Kd7 50. Kf6 Bg4 51. Bf8 Bd1 52.
e6+ Ke8 53. Bc5 Bc2 54. Bb6 Bb1 55. Bxa5 Bxa2 56. Bxb4 Bxb3 57. Ke5 1/2-1/2

[Event "VI Weekend Firenzescacchi A"]
[Site "Firenze ITA"]
[Date "2012.11.03"]
[Round "5"]
[White "Mordini, Stefano"]
[Black "Cerri, Paolo"]
[WhiteElo "1752"]
[BlackElo "1546"]
[Result "1-0"]
[PlyCount "111"]
[EventDate "2012.11.01"]

1. Nf3 Nf6 2. d4 e6 3. e3 d5 4. Nbd2 Nbd7 5. b3 c6 6. Bb2 Be7 7. Bd3 c5 8. O-O
cxd4 9. exd4 O-O 10. Ne5 Re8 11. f4 a6 12. Qf3 Nf8 13. Qh3 Bd7 14. g4 Qa5 15.
Rf2 Bb5 16. g5 Bxd3 17. gxf6 Bb4 18. Qxd3 Bxd2 19. Qxd2 Qxd2 20. Rxd2 g6 21. h4
h5 22. Kh2 Nh7 23. Rg1 Nxf6 24. Rdg2 Ng4+ 25. Nxg4 hxg4 26. Rxg4 Kg7 27. Ba3
Rac8 28. R1g2 Rh8 29. Bd6 Rh6 30. Be5+ f6 31. Bd6 Kf7 32. Kg1 Rc3 33. Ba3 Rh3
34. Bc1 f5 35. R4g3 R3xh4 36. Kf2 Rh2 37. Rxh2 Rxh2+ 38. Rg2 Rh3 39. Ba3 Rc3
40. Kg1 Re3 41. Bd6 Re1+ 42. Kh2 b5 43. Kg3 Re3+ 44. Kh4 Re1 45. Rh2 Re4 46.
Be5 Re1 47. Kg3 Re3+ 48. Kf2 Rc3 49. Rh7+ Ke8 50. Rc7 Rxc7 51. Bxc7 Kf7 52. Be5
Kg8 53. b4 Kh7 54. Kg3 Kh6 55. Kh4 Kh7 56. Kg5 1-0

[Event "VI Weekend Firenzescacchi A"]
[Site "Firenze ITA"]
[Date "2012.11.03"]
[Round "5"]
[White "Omeri, Silvan"]
[Black "Novelli, Cristiano"]
[WhiteElo "2194"]
[BlackElo "2022"]
[Result "1-0"]
[PlyCount "105"]
[EventDate "2012.11.01"]

1. c4 e5 2. Nc3 Nc6 3. g3 d6 4. Bg2 Be6 5. d3 Be7 6. Qa4 Qd7 7. b4 Nf6 8. b5
Nd8 9. Nf3 h6 10. h3 O-O 11. g4 Nh7 12. e4 c6 13. Rb1 Qc8 14. Qb3 Bd7 15. a4
Ne6 16. Ne2 Nc5 17. Qc2 Bf6 18. Ng3 Qd8 19. O-O g5 20. Nf5 Bxf5 21. exf5 Re8
22. Nd2 Rc8 23. Ba3 cxb5 24. Rxb5 b6 25. Bxc5 dxc5 26. Ne4 Qd4 27. Nc3 e4 28.
Nxe4 Be5 29. a5 Bc7 30. axb6 axb6 31. Rd1 Rcd8 32. Qb2 Kg7 33. Qxd4+ Rxd4 34.
Nc3 Nf6 35. Rb3 Rf4 36. Be4 Nxe4 37. Nxe4 Rd8 38. Nc3 Re8 39. Nd5 Re2 40. Nxf4
gxf4 41. Kg2 Rc2 42. Kf3 Kf6 43. Re1 Rd2 44. h4 h5 45. gxh5 Kxf5 46. Re7 Be5
47. Rxf7+ Ke6 48. Rf8 Ke7 49. Rg8 Bd4 50. Rg2 Kf7 51. h6 Kf8 52. h7 Kf7 53.
Kxf4 1-0

[Event "VI Weekend Firenzescacchi A"]
[Site "Firenze ITA"]
[Date "2012.11.03"]
[Round "5"]
[White "Petri, Petrag"]
[Black "Scali, Fausto"]
[WhiteElo "1588"]
[BlackElo "1882"]
[Result "0-1"]
[PlyCount "64"]
[EventDate "2012.11.01"]

1. d4 Nf6 2. Nf3 c5 3. c3 cxd4 4. cxd4 d5 5. Bf4 Nc6 6. e3 Qb6 7. Nbd2 Qxb2 8.
Rb1 Qxa2 9. Bb5 Bf5 10. Rc1 Bd7 11. Ba4 Qa3 12. Ra1 Qd3 13. Rb1 Qa6 14. Bc7 e6
15. Bb5 Qa3 16. Rb3 Qe7 17. O-O Rc8 18. Bg3 Na5 19. Bxd7+ Qxd7 20. Ne5 Qa4 21.
Nxf7 Rg8 22. Bd6 Nxb3 23. Bxf8 Kxf7 24. Bd6 Qc6 25. Qxb3 Qxd6 26. Nf3 Rgf8 27.
Ne5+ Kg8 28. g4 Nd7 29. Nd3 Rc7 30. f4 Rfc8 31. Rf3 Rc3 32. Qb1 Qa6 0-1

[Event "VI Weekend Firenzescacchi A"]
[Site "Firenze ITA"]
[Date "2012.11.04"]
[Round "6"]
[White "Bagaglia, Riccardo"]
[Black "Bini, Lorenzo"]
[WhiteElo "1773"]
[BlackElo "1941"]
[Result "1-0"]
[PlyCount "77"]
[EventDate "2012.11.01"]

1. e4 g6 2. d4 Bg7 3. Be3 d6 4. Bd3 Nc6 5. c3 e5 6. Ne2 Nf6 7. h3 a6 8. d5 Ne7
9. a4 c6 10. c4 c5 11. a5 O-O 12. Qd2 b5 13. cxb5 axb5 14. b4 c4 15. Bc2 Qd7
16. Nbc3 Ne8 17. g4 f5 18. gxf5 gxf5 19. exf5 Nxf5 20. Bxf5 Qxf5 21. Nxb5 Qf3
22. O-O-O Bd7 23. Na7 Ba4 24. Rdg1 Kh8 25. Nc3 Bb3 26. Qe2 Qf7 27. Nc6 e4 28.
Qd2 Nf6 29. Rg3 Nh5 30. Rg4 Rae8 31. Rhg1 Rg8 32. Nd4 Qb7 33. b5 Qc7 34. Nc6
Rb8 35. b6 Qb7 36. Rxe4 Rbe8 37. Rgg4 Nf6 38. Rxe8 Rxe8 39. Rg1 1-0

[Event "VI Weekend Firenzescacchi A"]
[Site "Firenze ITA"]
[Date "2012.11.04"]
[Round "6"]
[White "Bini, Alessandro"]
[Black "Seletsky, Grigory"]
[WhiteElo "1859"]
[BlackElo "2297"]
[Result "0-1"]
[PlyCount "46"]
[EventDate "2012.11.01"]

1. c4 c5 2. Nc3 Nf6 3. g3 d5 4. Bg2 d4 5. Ne4 e5 6. d3 Be7 7. Bg5 Nxe4 8. Bxe7
Qa5+ 9. Kf1 Nd2+ 10. Ke1 Nxc4+ 11. Kf1 Nd2+ 12. Ke1 Nb3+ 13. Kf1 Nxa1 14. Bxc5
Qxc5 15. Qxa1 O-O 16. Bf3 Nc6 17. Kg2 Be6 18. Nh3 Bd5 19. Rc1 Bxf3+ 20. exf3
Qb5 21. Rc4 Na5 22. a4 Qb6 23. Rc2 Rac8 0-1